[Event "UK Armed Forces-ch"]
[White "Treasurer, John"]
[Black "Officer, Paul"]
[Site "Wittering"]
[Round "6"]
[Result "1/2-1/2"]
[Date "2023.04.16"]
[WhiteElo "2066"]
[BlackElo "1668"]
[PlyCount "106"]
[EventDate "2023.04.14"]
[EventType "swiss"]
[EventRounds "7"]
[EventCountry "ENG"]
[SourceTitle "EXT 2024"]
[Source "ChessBase"]
[SourceDate "2023.10.10"]
[SourceVersion "1"]
[SourceVersionDate "2023.10.10"]
[SourceQuality "1"]

1. d4 d5 2. c4 e5 3. e3 exd4 4. exd4 dxc4 5. Bxc4 Nf6 6. Nf3 Be7 7. 0-0 0-0 8. h3 a6 9. a4 h6 10. Nc3 Nbd7 11. Re1 Nb6 12. Ba2 Bd6 13. Qd3 Re8 14. Bd2 Be6 15. Bxe6 Rxe6 16. Rxe6 fxe6 17. Re1 Qd7 18. a5 Nbd5 19. Ne4 Re8 20. g4 Nxe4 21. Qxe4 Qf7 22. Ne5 Bxe5 23. dxe5 Rf8 24. Be3 Nxe3 25. Qxe3 Qf3 26. Re2 c6 27. Rd2 Qxe3 28. fxe3 Rf3 29. Rd3 Rxh3 30. Kg2 Rh4 31. Kg3 Rh1 32. Rd7 Ra1 33. b4 c5 34. Rxb7 cxb4 35. Rxb4 Rxa5 36. Kf4 g5+ 37. Ke4 Rb5 38. Rc4 Rb6 39. Kd4 a5 40. Rc7 a4 41. Ra7 Rb4+ 42. Kc5 Rxg4 43. Kd6 Re4 44. Kxe6 Rxe3 45. Rxa4 Kg7 46. Ra7+ Kg6 47. Ra6 g4 48. Kd7+ Kf5 49. e6 g3 50. e7 g2 51. Ra1 Rd3+ 52. Kc6 Rc3+ 53. Kd7 Rd3+ 1/2-1/2